| 000 | 00862nam a22003137a 4500 | ||
|---|---|---|---|
| 001 | BR7904487 | ||
| 003 | BR-BrBNA | ||
| 005 | 20230928090040.0 | ||
| 007 | ta | ||
| 008 | 230509b bl.||||| |||| 00| 0 por d | ||
| 040 |
_aBR-BrBNA _bpor _cBiblioteca Nacional de Agricultura |
||
| 041 | _a(Por) | ||
| 072 |
_aP00; T00 _b/G514 |
||
| 090 | _ P00 BR7904487 | ||
| 100 | 1 | _aMoura, V. | |
| 245 | 1 | _aNatureza violentada. Flora e fauna agredidas [Brasil] | |
| 246 | 1 | _a[Damaged nature. Injured flora and fauna [Brazil]] | |
| 260 | 3 |
_aPorto Alegre, RS (Brasil): _bLivraria e Editora Agropecuaria, _c1979. |
|
| 300 | _a239 p. | ||
| 650 | _aRecurso natural | ||
| 650 | _aPoluicao | ||
| 650 | _aConservacao | ||
| 650 | _aFauna | ||
| 650 | _aFlora | ||
| 650 | _aMeio ambiente | ||
| 650 | _aEcologia | ||
| 909 |
_a202309 _bLucia _c55 _dLucia Elande |
||
| 942 | _cBK | ||
| 999 |
_c27594 _d27594 |
||